| 000 | 00886cab a22002175a 4500 | ||
|---|---|---|---|
| 001 | L141668 | ||
| 008 | 071211s2007 f 000 0 eng u | ||
| 035 | _a(Sirsi) u141668 | ||
| 041 | 0 | _aeng | |
| 100 | 1 | _aHeller, Allison | |
| 245 | 0 | 0 | _aBritain's biggest housebuilders supplement |
| 260 | _c2007 | ||
| 490 | 0 |
_aHouseBuilder _v66(9) Supplement October 2007, (30) (LOAN) |
|
| 520 | _aContains the 2007 25 biggest housebuilders' league table including turnover, landbank and average selling price data and contact details. Also includes articles on the changing market conditions in the housing market, and some company and individual profiles. Lists the top ten housebuilders. | ||
| 590 | _aKA | ||
| 651 | 4 |
_aGreat Britain _y1707- |
|
| 690 | _aPROPERTY-RESIDENTIAL PROPERTY-RESIDENTIAL PROPERTY DEVELOPMENT | ||
| 700 | 1 | _aGreen, Brian | |
| 700 | 1 | _aMenary, Steve | |
| 942 | _n0 | ||
| 999 |
_c79566 _d79566 |
||